Normal view
MARC view
Entry Topical Term
001 - CONTROL NUMBER
- control field: 7899
003 - CONTROL NUMBER IDENTIFIER
- control field: OSt
005 - DATE AND TIME OF LATEST TRANSACTION
- control field: 20150828153639.0
008 - FIXED-LENGTH DATA ELEMENTS
- fixed length control field: 150828|| aca||aabn | a|a d
040 ## - CATALOGING SOURCE
- Original cataloging agency: OSt
- Transcribing agency: OSt
150 ## - HEADING--TOPICAL TERM
- Topical term or geographic name entry element: Dancing
670 ## - SOURCE DATA FOUND
- Source citation: Work cat.: (OSt)15245: Swapnasundari, 7898, The World Of Koochipoodi Dance, 2005









